Southville International School and Colleges
Your cart is empty.
  • Cart
  • Lists
    Public lists Eva Luna New books Lux_list list_1
    Your lists Log in to create your own lists
  • Log in to your account
  • Your cookies
  • Search history
Southville International School and Colleges
  • Advanced search
  • Recent comments
  • Most popular
  • Libraries

Log in to your account

Log in with GOOGLE


If you do not have an external account, but do have a local account, you can still log in:

  1. Home
  2. MARC view: The face at the window /
Normal view MARC view ISBD view

The face at the window / (Record no. 9661)

[ view plain ]
MARC details
000 -LEADER
fixed length control field 01115cam a2200349 i 4500
001 - CONTROL NUMBER
control field 391946
003 - CONTROL NUMBER IDENTIFIER
control field SISC
005 - DATE AND TIME OF LATEST TRANSACTION
control field 20160301154648.0
008 - FIXED-LENGTH DATA ELEMENTS--GENERAL INFORMATION
fixed length control field 810512s1979 njua j 000 1 eng
010 ## - LIBRARY OF CONGRESS CONTROL NUMBER
LC control number 79015628
020 ## - INTERNATIONAL STANDARD BOOK NUMBER
International Standard Book Number 0-13-299081-4
040 ## - CATALOGING SOURCE
Original cataloging agency DLC
Transcribing agency DLC
Modifying agency DLC
041 1# - LANGUAGE CODE
Language code of text/sound track or separate title engger
042 ## - AUTHENTICATION CODE
Authentication code lcac
050 10 - LIBRARY OF CONGRESS CALL NUMBER
Classification number PZ 7
Item number .Ec1975 1971
082 00 - DEWEY DECIMAL CLASSIFICATION NUMBER
Classification number HS 808.3
Item number Ec5 1983
100 1# - MAIN ENTRY--PERSONAL NAME
Personal name Ecke, Wolfgang,
Dates associated with a name 1927-
9 (RLIN) 14554
240 10 - UNIFORM TITLE
Uniform title <a href="Gesicht an der Scheibe.">Gesicht an der Scheibe.</a>
Language of a work English
245 14 - TITLE STATEMENT
Title The face at the window /
Statement of responsibility, etc by Wolfgang Ecke.
250 ## - EDITION STATEMENT
Edition statement 1st American ed.
260 ## - PUBLICATION, DISTRIBUTION, ETC. (IMPRINT)
Place of publication, distribution, etc Englewood Cliffs, N.J. :
Name of publisher, distributor, etc Prentice-Hall,
Date of publication, distribution, etc 1979.
300 ## - PHYSICAL DESCRIPTION
Extent 128 p. :
Other physical details ill. ;
Dimensions 22 cm.
650 #0 - SUBJECT ADDED ENTRY--TOPICAL TERM
Topical term or geographic name as entry element Detective and mystery stories, German
General subdivision Translations into English.
9 (RLIN) 14555
650 #0 - SUBJECT ADDED ENTRY--TOPICAL TERM
Topical term or geographic name as entry element Children's stories, German
General subdivision Translations into English.
9 (RLIN) 14556
650 #0 - SUBJECT ADDED ENTRY--TOPICAL TERM
Topical term or geographic name as entry element Literary recreations.
9 (RLIN) 6692
650 #1 - SUBJECT ADDED ENTRY--TOPICAL TERM
Topical term or geographic name as entry element Mystery and detective stories.
9 (RLIN) 3790
650 #1 - SUBJECT ADDED ENTRY--TOPICAL TERM
Topical term or geographic name as entry element Short stories.
9 (RLIN) 2265
650 #1 - SUBJECT ADDED ENTRY--TOPICAL TERM
Topical term or geographic name as entry element Literary recreations.
9 (RLIN) 6692
906 ## - LOCAL DATA ELEMENT F, LDF (RLIN)
a 7
b cbc
c orignew
d 1
e ocip
f 19
g y-gencatlg
942 ## - ADDED ENTRY ELEMENTS (KOHA)
Source of classification or shelving scheme Library of Congress Classification
Koha item type Books
Holdings
Withdrawn status Lost status Source of classification or shelving scheme Damaged status Home library Current library Shelving location Date acquired Total Checkouts Full call number Barcode Date last seen Copy number Price effective from Koha item type
    Library of Congress Classification   Luxembourg Library Luxembourg Library High School Section 08/28/2013   PZ 7 .Ec1975 1971 3847 05/27/2015 1 08/28/2013 Books

The face at the window /

APA

Ecke W., . (1979). The face at the window. Englewood Cliffs, N.J: Prentice-Hall.

Chicago

Ecke Wolfgang, . 1979. The face at the window. Englewood Cliffs, N.J: Prentice-Hall.

Harvard

Ecke W., . (1979). The face at the window. Englewood Cliffs, N.J: Prentice-Hall.

MLA

Ecke Wolfgang, . The face at the window. Englewood Cliffs, N.J: Prentice-Hall. 1979.

  • Place hold
  • Print
  • Cite
  • Add to your cart (remove)
  • Save record
    BIBTEX Dublin Core MARCXML MARC (non-Unicode/MARC-8) MARC (Unicode/UTF-8) MARC (Unicode/UTF-8, Standard) MODS (XML) RIS
  • More searches
    Search for this title in:
    Other Libraries (WorldCat) Other Databases (Google Scholar) Online Stores (Bookfinder.com) Open Library (openlibrary.org)

Exporting to Dublin Core...

SOUTHVILLE LIBRARY

Southville International School and Colleges Library

1281 Tropical Ave. Cor. Luxembourg St., BF Homes International, Las Pinas City

Tel. No. 8256374 / 252358 Loc. 117/146

Powered by Koha